Barrow-in-Furness Borough Council v SOS for the Environment and Russell (Record no. 36093)

MARC details
000 -LEADER
fixed length control field 01344cab a2200241 4500
001 - CONTROL NUMBER
control field ABS46640
008 - FIXED-LENGTH DATA ELEMENTS--GENERAL INFORMATION
fixed length control field 090401t1992 xxu||||| |||| 00| 0 eng d
035 ## - SYSTEM CONTROL NUMBER
System control number (Sirsi) u58970
041 ## - LANGUAGE CODE
Language code of text/sound track or separate title eng
245 ## - TITLE STATEMENT
Title Barrow-in-Furness Borough Council v SOS for the Environment and Russell
260 ## - PUBLICATION, DISTRIBUTION, ETC.
Date of publication, distribution, etc. 1992
350 ## - PRICE (NR) (BK AM CF MU VM SE) [OBSOLETE]
Price 0
490 ## - SERIES STATEMENT
Series statement Journal of Planning and Environment Law
Volume/sequential designation (1992) JPL 665-667(3)
520 ## - SUMMARY, ETC.
Summary, etc. QBD 8 November 1991. An appeal was lodged against the refusal of the council to grant outline planning permission for a development of houses. The draft local plan excluded the appeal site from residential allocation. The local plan inspector dismissing the 1967 Development Plan recommendation which identified the site as suitable for residential purposes, as of historic significance only and approved its exclusion. The appeal Inspector however went against this and agreed to allow the site to be developed. The council appealed. The decision was quashed on the grounds that a report of a local plan inspector must be regarded where it is relevant.
650 ## - SUBJECT ADDED ENTRY--TOPICAL TERM
Topical term or geographic name entry element BATH SOCIETY V SOS ENVIRONMENT
650 ## - SUBJECT ADDED ENTRY--TOPICAL TERM
Topical term or geographic name entry element DEVELOPMENT PLANS
650 ## - SUBJECT ADDED ENTRY--TOPICAL TERM
Topical term or geographic name entry element INSPECTORS
650 ## - SUBJECT ADDED ENTRY--TOPICAL TERM
Topical term or geographic name entry element LOCAL DEVELOPMENT PLANS
650 ## - SUBJECT ADDED ENTRY--TOPICAL TERM
Topical term or geographic name entry element OUTLINE PLANNING PERMISSION
690 ## - LOCAL SUBJECT ADDED ENTRY--TOPICAL TERM (OCLC, RLIN)
Topical term or geographic name as entry element PLANNING LAW AND PRACTICE-CASE LAW
942 ## - ADDED ENTRY ELEMENTS (KOHA)
Suppress in OPAC 0
948 ## - LOCAL PROCESSING INFORMATION (OCLC); SERIES PART DESIGNATOR (RLIN)
c (OCLC) 04/03/1997
Holdings
Withdrawn status Lost status Source of classification or shelving scheme Damaged status Not for loan Home library Current library Shelving location Date acquired Total Checkouts Full call number Barcode Date last seen Copy number Price effective from Koha item type
    Dewey Decimal Classification     London London Journal article 14/09/1999   ABS46640 58970-1001 06/08/2019 1 06/08/2019 Law report